000 01433nam a2200409 c 4500
001 53488
003 ES-MaCES
005 20250203133124.0
008 241217s2024 sp 000 ||spa d
017 _aNA 10232-2024
_bDL
020 _a9788411629706
040 _aES-MaCES
_bspa
_cES-MaCES
100 1 _918830
_aMonereo Pérez, José Luis
245 1 0 _aModificaciones sustanciales de las condiciones de trabajo
_cJosé Luis Monereo Pérez, Pompeyo Gabriel Ortega Lozano
250 _a1ª ed
260 _aCizur Menor (Navarra)
_bThomson Reuters-Aranzadi
_c2024
300 _a539 p.
_c24 cm
490 1 _aColección Grandes tratados Aranzadi
_v1572
504 _aBibliografía: p. 443-484
504 _aReferencias judiciales: p. 485-539
541 _cCompra
650 4 _acondiciones de trabajo
_928327
650 4 _apoder empresarial
_930600
650 4 _acondiciones de empleo
_930040
650 4 _arelaciones laborales
_928369
650 4 _anegociación colectiva
_928362
650 4 _aflexibilidad del trabajo
_930174
650 4 _areforma legislativa
_929892
650 4 _aderecho del trabajo
_927165
650 4 _aEspaña
_926964
650 4 _arégimen jurídico
_929894
653 1 0 _aDerecho del trabajo y Seguridad Social
700 1 _938656
_aOrtega Lozano, Pompeyo Gabriel
830 0 _aColección Grandes tratados Aranzadi
_934490
_v1572
902 _aLIB Libro
942 _2CES
_cBK
_h6.0.1.
999 _c53488
_d53488